书目信息 |
| 题名: |
危险化学品安全总论
|
|
| 作者: | 崔克清 编著 | |
| 分册: | ||
| 出版信息: | 北京 化学工业出版社 2005 |
|
| 页数: | 373页 | |
| 开本: | 24cm | |
| 丛书名: | 危险化学品安全丛书 | |
| 单 册: | ||
| 中图分类: | TQ086.5 | |
| 科图分类: | ||
| 主题词: | 化工产品--危险物品管理 , 化工产品 , 危险物品管理 | |
| 电子资源: | ||
| ISBN: | 7-5025-7015-2 | |
| 000 | 00923oam2 2200277 450 | |
| 001 | 012007411472 | |
| 005 | 20070523090059.53 | |
| 010 | @a7-5025-7015-2@dCNY48.00 | |
| 100 | @a20070515d2005 km y0chiy0120 ea | |
| 101 | 0 | @achi |
| 102 | @aCN@b110000 | |
| 105 | @ay z 000yy | |
| 106 | @ar | |
| 200 | 1 | @a危险化学品安全总论@Awei xian hua xue pin an quan zong lun@f崔克清编著@Fcui ke qing bian zhu |
| 210 | @a北京@c化学工业出版社@d2005 | |
| 215 | @a373页@d24cm | |
| 225 | 2 | @a危险化学品安全丛书 |
| 330 | @a本书内容涉及危险化学品的分类总论、特性分析、技术鉴别、储存安全、包装安全、运输安全、运行及检修安全、处理安全以及事故状态下的应急与救援等。 | |
| 461 | 0 | @12001 @a危险化学品安全丛书 |
| 606 | 0 | @a化工产品@x危险物品管理 |
| 606 | 0 | @a化工产品 |
| 606 | 0 | @a危险物品管理 |
| 690 | @aTQ086.5@v4 | |
| 701 | 0 | @a崔克清@Acui ke qing@f(1942.2~)@4编著 |
| 801 | 0 | @aCN@bRULIN@c20070523 |
| 905 | @dTQ086.5@e124@s8 | |
| 危险化学品安全总论/崔克清编著.-北京:化学工业出版社,2005 |
| 373页;24cm .-(危险化学品安全丛书) |
| ISBN 7-5025-7015-2:CNY48.00 |
| 本书内容涉及危险化学品的分类总论、特性分析、技术鉴别、储存安全、包装安全、运输安全、运行及检修安全、处理安全以及事故状态下的应急与救援等。 |
| ● |
| 相关链接 |
|
|
|
|
正题名:危险化学品安全总论
索取号:TQ086.5/124
 
预约/预借
| 序号 | 登录号 | 条形码 | 馆藏地/架位号 | 状态 | 备注 |
| 1 | 0577163 | 205771636 | 第二样本阅览室/ [索取号:TQ086.5/124] | 在馆 | |
| 2 | 0577164 | 205771645 | 密集书库/ [索取号:TQ086.5/124] | 在馆 | |
| 3 | 0577165 | 205771654 | 密集书库/ [索取号:TQ086.5/124] | 在馆 | |
| 4 | 0577166 | 205771663 | 第三借阅区/ [索取号:TQ086.5/124] | 在馆 | |
| 5 | 0577167 | 205771672 | 密集书库/ [索取号:TQ086.5/124] | 在馆 | |
| 6 | 0577168 | 205771681 | 第三借阅区/ [索取号:TQ086.5/124] | 在馆 | |
| 7 | 0577169 | 205771690 | 第三借阅区/ [索取号:TQ086.5/124] | 在馆 | |
| 8 | 0577170 | 205771707 | 第三借阅区/ [索取号:TQ086.5/124] | 在馆 |